Spider-Man Villains - Statistics

General Stats
  • This quiz has been taken 99 times
  • The average score is 20 of 33
Answer Stats
Hint Answer % Correct
Made of Sand Sandman
99%
Doctor turned criminal with four mechanical arms attached to his back Doctor Octopus
98%
Fell into a tub of electric eels and transformed into pure energy Electro
98%
CEO of Oscorp with a personal vendetta against spiderman Green Goblin
98%
Lost an arm and found a cure that turned him into a lizard Lizard
94%
Uses tech to create mysterious illusions Mysterio
91%
Man trapped in a rhino costume Rhino
91%
Engineer who had spine cancer and created wings that made him fly Vulture
91%
The kingpin of crime Kingpin
88%
"We are ^" Venom
88%
Obsessed with the hunt Kraven the Hunter
80%
Uses shockwaves to rob banks Shocker
77%
The technical offspring of the above Carnage
73%
Master burglar is a love interest and part time ally of spiderman also fighting him in some cases Black Cat
70%
The Living Vampire Morbius
68%
Master of disguises and the first ever villain that spiderman faced Chameleon
65%
Discovered secret lair in Oscorp and created a formula that gave him similar powers and abilities to spidermans worst foe Hobgoblin
57%
Maggia boss with metal plates fused into his skull Hammerhead
54%
Suit created by J Jonah Jameson to defeat spiderman but he went rogue Scorpion
54%
Channels negative energy and wields a sword Mister Negative
50%
Gangster who was exposed to chemicals as a child with super hard skin Tombstone
50%
Presumed uncle of the other spiderman Prowler
46%
A former crewman who gained aquakinetic abilities after an accident in the fight between spiderman and namor Hydro-Man
39%
Uses social media to commit crimes and is spidermans biggest "fan" Screwball
39%
Scientist turned criminal who can create portals leading to other dimensions Spot
38%
Rides a BIG WHEEL Big Wheel
33%
A former baseball player who uses boomerangs as weapons Boomerang
28%
Engineer who creates evil gadgets to cause crimes Tinkerer
28%
Criminal who uses tech and flying wings to cause chaos Beetle
27%
Professor who likes cloning people for fun and likes to torment spiderman Jackal
26%
He has superspeed Speed Demon
15%
Created spider slayers perfectly capable of killing spiderman Spencer Smythe
10%
Criminal who can convert any vehicle into a highly powered one Overdrive
7%
No matching quizzes found
Score Distribution
Percent of People with Each Score
Percentile by Number Answered
Your Score History
You have not taken this quiz